| 000 | 00641nam a2200265 a 4500 | ||
|---|---|---|---|
| 003 | AR-BaBNM | ||
| 005 | 20251128203328.0 | ||
| 008 | 082120s2002 ||||||||||||||000 | spa|| | ||
| 040 | _cAR-BaBNM | ||
| 100 | 1 | _aChantavoine, Jean | |
| 245 | 0 | 0 | _aBeethoven |
| 260 |
_aMadrid _bUnión Musical Española _c[ca. 1925] |
||
| 300 | _a242 p. | ||
| 490 | 0 | _aBiblioteca UME | |
| 650 | 4 | _aBIOGRAFIAS | |
| 650 | 4 | _aMUSICA | |
| 650 | 4 | _aMUSICA CLASICA | |
| 650 | 4 | _aCOMPOSITORES | |
| 650 | 4 | _aSIGLO DIECIOCHO | |
| 651 | 4 | _aAlemania | |
| 655 | _aBIOGRAFIAS | ||
| 700 | 1 |
_aChavarri, Eduardo L. _etraductor |
|
| 942 | _cBK | ||
| 998 | _cEnrique | ||
| 999 |
_c2920 _d2920 |
||